000 01059nam a2200265 i 4500
001 178225
003 ES-MaACL
005 20240129115324.0
008 110523s2009 bl |||| | spa d
020 _a978-989-95631-9-3
080 _a821.134.2-14"19"
100 1 _aMartínez i Ferrer, Antonio.
_9146684
245 1 0 _aEfectos secundarios
_b= Efeitos secundários /
_cAntonio Martínez i Ferrer.
246 3 1 _aEfeitos secundários
246 3 4 _iSubt. en cub.
_aSeguimiento del tratamiento con Interferón contra la Hepatitis C
_b= Seguência do tratamento com Interferón contra a Hepatite C
260 _aRio de Janeiro :
_bCanto Escuro,
_c2009.
300 _a200 p. ;
_c21 cm.
546 _aTexto en español y portugués.
700 1 _aCrespo Massieu, Antonio.
_941549
852 _aES-MaACL
_9185084
_bR.145550
_jA-11232
_cDEPO1
_dOlim: N-4236
_xDonación: Antonio Martínez y Ferrer
903 _9146684
_aMartínez i Ferrer, Antonio
_ednr
942 _2udc
_cMONOGRAFIA
999 _c178225
_d178225